000 00807nam a2200265 c 4500
001 190469
003 ES-MaACL
005 20240111182736.0
008 210405s2018 sp a 001 0 spa
020 _a978-84-88909-84-8
040 _aSpMaBN
_bspa
_cSpMaBN
_erda
080 _a159.942
100 1 _aNahoul Serio, Vanessa.
_9171220
245 1 3 _aEl duelo :
_buna mirada psicoanalítica /
_cVanessa Nahoul Serio.
250 _a1ª ed.
264 1 _aMadrid :
_bPsimática,
_c2018.
300 _a477 p. :
_bil. ;
_c21 cm.
490 1 _aApego
504 _aReferencias bibliográficas.
650 0 7 _aDuelo.
_9171221
830 1 _aApego
_9193482
852 4 _aES-MaACL
_jA-14671
_9197646
_bR.152296
_cDEPO1
_dOlim: N-7671
_hDonación: Editorial
942 _2udc
_cMONOGRAFIA
999 _c190469
_d190469